Zásoby v účtovníctve podnikov strojárskeho priemyslu bakalárska práca
Saved in:
| Main Author: | |
|---|---|
| Corporate Author: | |
| Other Authors: | |
| Format: | Book |
| Language: | Slovak |
| Published: |
Bratislava
2021
|
| Tags: |
No Tags, Be the first to tag this record!
|
MARC
| LEADER | 00000nbm a2200000 4500 | ||
|---|---|---|---|
| 001 | 0276277 | ||
| 005 | 20220322142124.2 | ||
| 041 | 0 | |a slo | |
| 044 | |a SK | ||
| 245 | 1 | 0 | |a Zásoby v účtovníctve podnikov strojárskeho priemyslu |b bakalárska práca |c Martina Kúdeľová ; školiteľ: Renáta Pakšiová |
| 264 | 1 | |a Bratislava |c 2021 | |
| 300 | |a 46 s. | ||
| 100 | 1 | |a Kúdeľová, Martina | |
| 700 | 1 | |a Pakšiová, Renáta, 1974- | |
| 710 | 2 | |a Fakulta hospodárskej informatiky EU. Katedra účtovníctva a audítorstva | |